| 000 | 01807nam a22002657a 4500 | ||
|---|---|---|---|
| 005 | 20250919163753.0 | ||
| 010 | _aB-775881-894 20BACCHHN25 | ||
| 020 |
_c700.00 _a9789383110902 |
||
| 035 | _aB-775881-894 | ||
| 037 | _bग्रंथ अकादमी | ||
| 082 |
_a030 _bतिवारी |
||
| 100 |
_aतिवारी, भोलानाथ _985148 |
||
| 245 |
_aचित्रमय बाल कोश / _cभोलानाथ तिवारी [एवं] मुकुल प्रियदर्शिनी |
||
| 246 |
_aChitramay bal kosh / _bby Bholanath Tiwari [evam] Mukul Priyadarshni |
||
| 260 |
_aनई दिल्ली _bग्रन्थ अकादमी _c2022 |
||
| 270 |
_bनइ दिल्ली _aभवन संख्या-19, पहली मंजिल,2 अंसारी रोड, दरियागंज _e110002 |
||
| 300 |
_a428 पृ. _c22सेमी(सजिल्द ) _bसचित्र |
||
| 650 |
_aहिन्दी भाषा - कोश _x _z _985149 |
||
| 650 |
_aपिक्चर शब्दकोशों, हिंदी - किशोर साहित्य _985150 |
||
| 650 |
_a Hindi language -- Dictionaries _985151 |
||
| 650 |
_aPicture dictionaries, Hindi -- Juvenile literature _985152 |
||
| 700 |
_aप्रियदर्शिनी, मुकुल _966661 |
||
| 942 |
_2ddc _cCH _h030 _mतिवारी |
||
| 999 |
_c209627 _d209627 |
||